| 000 | 01213nam a2200229Ia 4500 | ||
|---|---|---|---|
| 001 | L100-51697 | ||
| 003 | IT-CnALBA | ||
| 008 | 170116s9999||||xx |||||||||||||| ||und|| | ||
| 040 |
_aIT-CnALBA _cIT-CnALBA |
||
| 041 | _aITALIANO | ||
| 100 | _aMARITAIN JACQUES | ||
| 245 | 0 | _aLOGICA MINORE. ELEMENTI DI FILOSOFIA, VOL. II. | |
| 250 | _a1a ed. | ||
| 260 |
_aMILANO _bMASSIMO EDITRICE _c1990 [1° Ed.:1990 - Ed.Ling.Originale: 1990] |
||
| 300 | _a320 p. | ||
| 500 | _aINTRODUZIONE SANGUINETI J. J. L'OPERA DI MARITAIN. OSSERVAZIONI PRELIMINARI. IL CONCETTO E PRIMA OPERAZIONE DELL'INTELLETTO. NOZIONE DI CONCETTO. GENERI DI CONCETTI. CONCETTI E ASTRATTI. IL TERMINE. GENERI DIVERSI DI TERMINE. ESTENSIONE DI TERMINE SOGGETT | ||
| 501 | _aSocietà San Paolo EM - Piazza San Paolo, 14 - 12051 ALBA (CN) (non commercial uses only) ® Copyright 2017 | ||
| 520 | _aINTRODUZIONE SANGUINETI J. J. L'OPERA DI MARITAIN. OSSERVAZIONI PRELIMINARI. IL CONCETTO E PRIMA OPERAZIONE DELL'INTELLETTO. NOZIONE DI CONCETTO. GENERI DI CONCETTI. CONCETTI E ASTRATTI. IL TERMINE. GENERI DIVERSI DI TERMINE. ESTENSIONE DI TERMINE SOGGETT | ||
| 650 | _aFILOSOFIA E DISCIPLINE COLLEGATE | ||
| 942 | _cBK | ||
| 957 | _71 | ||
| 999 |
_a67176 _bNO _g Copie: 1 _c310579 _d310579 |
||